000 00743nam a2200205 i 4500
001 140970
003 ES-MaACL
005 20230906200206.0
007 t|
008 070918s1962 sp |||| | spa d
080 _a(038)=111=134.2
100 1 _aRoberston, Richard.
_997796
245 1 0 _aRoberston methods
_b: do you want to speak spanish? : a simple practical method of speaking spanish by means of imitated pronunciation.
260 _aBarcelona :
_bRamón Sopena,
_c[1962]
300 _a279 p. ;
_c16 cm.
594 _aAutor tomado del Catálogo de la Biblioteca Nacional.
650 4 _aLengua española-
_vMétodos.
_9142902
650 4 _aLengua española-
_xConversación y frases-
_xInglés.
_9143674
852 _aES-MaACL
_jC-21075
999 _c140970
_d140970